Effective Business Communication (Record no. 1008)

MARC details
000 -LEADER
fixed length control field 00435nam a22001697a 4500
005 - DATE AND TIME OF LATEST TRANSACTION
control field 20180727152011.0
008 - FIXED-LENGTH DATA ELEMENTS--GENERAL INFORMATION
fixed length control field 160518b xxu||||| |||| 00| 0 eng d
020 ## - INTERNATIONAL STANDARD BOOK NUMBER
ISBN 978-81-203-1709-3
041 ## - LANGUAGE CODE
Language code of text/sound track or separate title eng
082 ## - DEWEY DECIMAL CLASSIFICATION NUMBER
Item number 2866
Classification number 658.3
100 ## - MAIN ENTRY--AUTHOR NAME
Personal name Krisan AC Buddy and Merries, Patricia
245 ## - TITLE STATEMENT
Title Effective Business Communication
260 ## - PUBLICATION, DISTRIBUTION, ETC. (IMPRINT)
Name of publisher South Western
Year of publication 2008
300 ## - PHYSICAL DESCRIPTION
Number of Pages 436p,
650 ## - SUBJECT ADDED ENTRY--TOPICAL TERM
Topical Term Management
942 ## - ADDED ENTRY ELEMENTS (KOHA)
Koha item type Books
Holdings
Lost status Damaged status Collection code Home library Current library Shelving location Date acquired Full call number Accession Number Koha item type
    MANAGEMENT JRU Library JRU Library SHELF-62 -M 18/05/2016 658.3 2866 Books
    MANAGEMENT JRU Library JRU Library SHELF-62 -M 18/05/2016 658.3 2867 Books
    Reference JRU Library   SHELF-28-E 18/05/2016 658.3 2868 Books